000 00694nam a2200217 i 4500
001 128101
003 ES-MaACL
005 20230906193148.0
007 t|
008 070214s1944 sp af |||| | spa d
100 1 _aRocamora, Manuel.
_998025
245 1 3 _aUn siglo de modas barcelonesas
_b: 1750-1850 /
_cManuel Rocamora.
260 _aBarcelona :
_bAymá,
_c1944.
300 _a83 p., 32 lám. :
_bil. ;
_c19 cm.
490 1 _aBarcelona histórica y monumental ;
_v7
650 4 _aTraje-
_xHistoria.
_9136943
651 4 _aBarcelona-
_xUsos y costumbres.
_9154369
830 0 _aBarcelona histórica y monumental ;
_v7
_9186721
852 _aES-MaACL
_jE-3926
999 _c128101
_d128101